Zvýšenie minimálnej mzdy - ekonomický dopad

Problematika minimálnej mzdy a jej určovania je obsiahnutá v rámci zákona č. 663/2007 Z. z. o minimálnej mzde v znení neskorších predpisov, ktorý upravuje určovanie a poskytovanie minimálnej mzdy zamestnancovi v pracovnoprávnom vzťahu alebo v obdobnom vzťahu na zabezpečenie minimálnej úrovne príjmu...

Ausführliche Beschreibung

Gespeichert in:
Bibliographische Detailangaben
1. Verfasser: Mintál, Ján
Format: Buchkapitel
Sprache:Slowakisch
Schlagworte:
Tags: Tag hinzufügen
Keine Tags, Fügen Sie das erste Tag hinzu!

MARC

LEADER 00000naa a2200000 4500
001 0289336
005 20240417075221.0
041 0 |a slo 
044 |a SK 
245 1 0 |a Zvýšenie minimálnej mzdy - ekonomický dopad  |c Ján Mintál 
520 |a Problematika minimálnej mzdy a jej určovania je obsiahnutá v rámci zákona č. 663/2007 Z. z. o minimálnej mzde v znení neskorších predpisov, ktorý upravuje určovanie a poskytovanie minimálnej mzdy zamestnancovi v pracovnoprávnom vzťahu alebo v obdobnom vzťahu na zabezpečenie minimálnej úrovne príjmu zamestnanca za vykonanú prácu. Výška minimálnej mzdy od 1. januára 2023. Dopad zvýšenia minimálnej mzdy na minimálne mzdové nároky zamestnancov a na priemerný zárobok zamestnanca. 
610 2 0 |a mzdy minimálne 
610 2 0 |a odvody 
610 2 0 |a zamestnanci 
610 2 0 |a zamestnávatelia 
610 2 0 |a vzťahy pracovnoprávne 
610 2 0 |a zákony 
610 2 0 |a legislatíva 
100 1 |a Mintál, Ján